书目信息 |
| 题名: |
词汇王
|
|
| 作者: | 王晓燕 , 侯静 , 付蓉 编 | |
| 分册: | GRE | |
| 出版信息: | 西安 世界图书出版西安公司 2008.03 |
|
| 页数: | 559页 | |
| 开本: | 21cm | |
| 丛书名: | ||
| 单 册: | ||
| 中图分类: | H313 | |
| 科图分类: | ||
| 主题词: | 英语--ying yu--词汇--研究生--入学考试--美国--自学参考资料 | |
| 电子资源: | ||
| ISBN: | 978-7-5062-9404-1 | |
| 000 | 00979nam0 2200277 450 | |
| 001 | 012008758348 | |
| 005 | 20080901094042.65 | |
| 010 | @a978-7-5062-9404-1@dCNY36.00 (含光盘) | |
| 010 | @a978-7-900193-59-9@b光盘 | |
| 100 | @a20080901d2008 em y0chiy0120 ea | |
| 101 | 0 | @achi@aeng |
| 102 | @aCN@b610000 | |
| 105 | @ay z 000yy | |
| 106 | @ar | |
| 200 | 1 | @a词汇王@Aci hui wang@iGRE@f王晓燕 ... [等] 编@Fwang xiao yan...[deng]bian |
| 210 | @a西安@c世界图书出版西安公司@d2008.03 | |
| 215 | @a559页@d21cm@e光盘1片 | |
| 304 | @a题名页题 : 王晓燕, 侯静, 付蓉, 赵娟编 | |
| 330 | @a本词汇测试程序收录了大量的测试题,题目与书中的词条对应,按单元划分,可以按单元测试。另外每10个单元,安排有阶段测试等。 | |
| 606 | 0 | @a英语@Aying yu@x词汇@x研究生@x入学考试@y美国@j自学参考资料 |
| 690 | @aH313@v4 | |
| 701 | 0 | @a王晓燕@Awang xiao yan@4编 |
| 701 | 0 | @a侯静@Ahou jing@4编 |
| 701 | 0 | @a付蓉@Afu rong@4编 |
| 801 | 0 | @aCN@bQSSK@c20080901 |
| 905 | @b733230-32@dH313@eW388@f3 | |
| 词汇王.GRE/王晓燕 ... [等] 编.-西安:世界图书出版西安公司,2008.03 |
| 559页;21cm+光盘1片 |
| ISBN 978-7-5062-9404-1:CNY36.00 (含光盘) |
| 本词汇测试程序收录了大量的测试题,题目与书中的词条对应,按单元划分,可以按单元测试。另外每10个单元,安排有阶段测试等。 |
| ● |
| 相关链接 |
|
|
|
正题名:词汇王
索取号:H313/W388
 
预约/预借
| 序号 | 登录号 | 条形码 | 馆藏地/架位号 | 状态 | 备注 |
| 1 | 733230 | 207332304 | 语言库209/209语言库 104排1列5层/ [索取号:H313/W388] | 在馆 | |
| 2 | 733231 | 207332313 | 语言库209/209语言库 104排1列5层/ [索取号:H313/W388] | 在馆 | |
| 3 | 733232 | 207332322 | 语言库209/209语言库 104排1列5层/ [索取号:H313/W388] | 在馆 |